=LDR 00000nam 2200000 4500 =001 INLIS000000000039315 =005 20210722100658 =035 ##$$a 0010-061300000039315 =008 210722################g##########0#ind## =041 ##$$a ind =082 ##$$a 338.04 =245 ##$$a Seratus satu ++ ide jitu peluang usaha : $b Raih sukses dengan pilihan anda /$c Tim Gemini Writer; penyunting, Novika =260 ##$$a Jakarta :$b Mebook,$c 2008 =300 ##$$a vii, 252 hlm : $b ilus. ; $c 22 x 19 cm. =850 ##$$a NBPNMAT =020 ##$$a 978-979-1481-55-7 =084 ##$$a 338.04 SER s =650 #4$$a Ide Peluang Usaha =700 #$$a Tim Gemini Writer =990 ##$$a 21105715 =990 ##$$a 21105716 =990 ##$$a 21105714